000 00488nam a2200193Ia 4500
005 20240823031907.0
008 240823s9999||||xx |||||||||||||| ||und||
020 _a978-81-8333-377-1
041 _aENGLISH
082 _A604.202855369 Q0
100 _aScott Hansen L
245 0 _aLearning and Applying Solid Works Step-By-Step
250 _a1st
260 _c2010
_b"BPB Publication,New Delhi"
500 _aYES
650 _aSolid Works
_bCivil
942 _cBK
999 _c192152
_d192152